Fundamentals of Mechanical Engineering: (Record no. 609767)

000 -LEADER
fixed length control field 00414nam a22001337a 4500
020 ## - INTERNATIONAL STANDARD BOOK NUMBER
International Standard Book Number 8120330471
040 ## - CATALOGING SOURCE
Transcribing agency NUST
082 ## - DEWEY DECIMAL CLASSIFICATION NUMBER
Classification number 621
Author Mark SAW
100 ## - MAIN ENTRY--PERSONAL NAME
Personal name Sawhney , G.S
9 (RLIN) 63721
245 ## - TITLE STATEMENT
Title Fundamentals of Mechanical Engineering:
Remainder of title Thermodynamics ,Mechanics and Strength of Materials
260 ## - PUBLICATION, DISTRIBUTION, ETC.
Place of publication, distribution, etc. India:
Name of publisher, distributor, etc. Prentice - Hall,
Date of publication, distribution, etc. 2006.
650 ## - SUBJECT ADDED ENTRY--TOPICAL TERM
Topical term or geographic name entry element Fundamentals of Mechanical Engineering:
9 (RLIN) 123635
942 ## - ADDED ENTRY ELEMENTS (KOHA)
Source of classification or shelving scheme
Koha item type Book
Holdings
Withdrawn status Lost status Source of classification or shelving scheme Damaged status Not for loan Permanent Location Current Location Shelving location Date acquired Total Checkouts Full call number Barcode Date last seen Price effective from Koha item type
          College of Electrical & Mechanical Engineering (CEME) College of Electrical & Mechanical Engineering (CEME) General Stacks 06/13/2024   621 SAW CEME- 43600 06/13/2024 06/13/2024 Book
© 2023 Central Library, National University of Sciences and Technology. All Rights Reserved.